Oficina de mujeres extraviadas: escritoras, cortesanas, actrices y otras señoras y señoritas
שמור ב:
| מחבר ראשי: | |
|---|---|
| פורמט: | ספר |
| שפה: | ספרדית |
| יצא לאור: |
Santiago
Universidad Diego Portales
2009
|
| מהדורה: | 1a. ed |
| נושאים: | |
| תגים: |
הוספת תג
אין תגיות, היה/י הראשונ/ה לתייג את הרשומה!
|
MARC
| LEADER | 00000cam a2200000 a 4500 | ||
|---|---|---|---|
| 001 | UCG8988 | ||
| 003 | CL-VaPUC | ||
| 008 | 120120e20090000CL |||||||||||||||||spa|d | ||
| 020 | |a 9789563140668 | ||
| 082 | 0 | 4 | |a 863 |b CAL |2 21 |
| 100 | 0 | |a Calderón, Alfonso |e author |9 560311 | |
| 245 | 1 | 0 | |a Oficina de mujeres extraviadas: escritoras, cortesanas, actrices y otras señoras y señoritas |
| 250 | |a 1a. ed | ||
| 300 | |a 177 p | ||
| 942 | |c BK | ||
| 945 | |d 20120120 00:00:00 |a cmena | ||
| 260 | |a Santiago |b Universidad Diego Portales |c 2009 | ||
| 650 | 0 | |a Crónicas chilenas |9 321511 | |
| 650 | 0 | |a Literatura chilena |9 308278 | |
| 650 | 0 | |a Mujeres |9 257649 | |
| 583 | |a last modification |c 20120120 10:38:00 |k Rodrigo Vera | ||
| 999 | |c 346573 |d 346571 | ||
| 952 | |0 0 |1 0 |4 0 |6 863_000000000000000_CAL_2009 |7 0 |8 C |9 447315 |a BIBCUR |b BIBCUR |d 2019-11-22 |i 4792947 |o 863 CAL 2009 |p 4792947 |r 2025-04-22 |w 2019-11-22 |y BK |k CAC | ||